书目信息 |
| 题名: |
地球故事
|
|
| 作者: | 詹得雄 主编 | |
| 分册: | ||
| 出版信息: | 北京 新世界出版社 2002.09 |
|
| 页数: | 286页 | |
| 开本: | 20cm | |
| 丛书名: | 新探索丛书 | |
| 单 册: | ||
| 中图分类: | P183-49 , Q94-49 | |
| 科图分类: | ||
| 主题词: | 动物--普及读物 , 植物--普及读物 , 太阳系 | |
| 电子资源: | 全文 | |
| ISBN: | 7-80005-851-4 | |
| 000 | 01071oam2 2200337 450 | |
| 001 | 2656339674 | |
| 005 | 20260108154330.57 | |
| 010 | @a7-80005-851-4@dCNY16.00 | |
| 090 | @aQ95@bzdx | |
| 096 | @aP183-49@bzdx | |
| 100 | @a20021202d2002 em y0chiy0110 ea | |
| 101 | 0 | @achi |
| 102 | @aCN@b110000 | |
| 105 | @ay z 000yy | |
| 200 | 1 | @a地球故事 @f詹得雄主编 @9di qiu gu shi |
| 210 | @a北京@c新世界出版社@d2002.09 | |
| 215 | @a286页@d20cm | |
| 225 | 2 | @a新探索丛书 |
| 300 | @a科普读物 | |
| 330 | @a本书精选了《参考消息》近年来所刊载的动植物趣闻,它们是科学家多年研究的成果,目的在于增强保护濒危物种的意识,避免人类成为地球上的“孤家寡人”。 | |
| 503 | @n河南城建学院图书馆 | |
| 510 | 1 | @aStory of Earth@zeng |
| 606 | 0 | @a动物@j普及读物 |
| 606 | 0 | @a植物@j普及读物 |
| 606 | 0 | @a太阳系 |
| 690 | @aP183-49@v4 | |
| 690 | @aQ94-49@v4 | |
| 701 | 0 | @a詹得雄@f(1944~)@4主编@9zhan de xiong |
| 801 | 0 | @aCN@bMuseLib.NET@c20021202 |
| 856 | 4 | @uhttp://doi.nlc.cn/nlcdoi/108.ndlc.2.1100009031010001/T1F24.002200363@z全文 |
| 905 | @aZUCC@dP183-49@eZ053 | |
| 地球故事 /詹得雄主编 .-北京:新世界出版社,2002.09 |
| 286页;20cm.-(新探索丛书) |
| 科普读物 |
| ISBN 7-80005-851-4:CNY16.00 |
| 本书精选了《参考消息》近年来所刊载的动植物趣闻,它们是科学家多年研究的成果,目的在于增强保护濒危物种的意识,避免人类成为地球上的“孤家寡人”。 |
| ● |
| 相关链接 |
|
|
|
正题名:地球故事
索取号:P183-49/Z053
 
预约/预借
| 序号 | 登录号 | 条形码 | 馆藏地/架位号 | 状态 | 备注 |
| 1 | 1574873 | 215748733 | 自科库401/ [索取号:P183-49/Z053] | 在馆 |